Lost woman /

Збережено в:
Бібліографічні деталі
Автор: Lake, Nara
Формат: Книга
Мова:English
Опубліковано: Aylesbury, Eng. : Milton House Books, 1974.
LEADER 00774nam a2200229 i 4500
001 c000073964
003 CARM
005 00000000000000.0
008 750108s1974 enk 00011 eng
015 |a GB*** 
019 1 |a 352757  |5 LACONCORD2021 
020 |a 0859400573 :  |c L.2.30 
035 |a (OCoLC)1218184  |5 LACONCORD2021 
050 0 0 |a PZ4.L212  |b Lo  |a PR9619.3L33 
100 1 |a Lake, Nara. 
245 1 0 |a Lost woman /  |c Nara Lake. 
260 |a Aylesbury, Eng. :  |b Milton House Books,  |c 1974. 
300 |a 174 p. ;  |c 21 cm. 
852 8 |b CARM  |h A2:AF30H0  |i A00785  |p 0102284  |f BK 
082 0 4 |a 823 
999 f f |i 7dfa9857-cec7-5f2f-a7a2-b17400bf8b43  |s 52ea8afe-8b5d-5040-a15e-18543f89ebe6 
952 f f |p Can circulate  |a CAVAL  |b CAVAL  |c CAVAL  |d CARM 1 Store  |e A00785  |f A2:AF30H0  |h Other scheme  |i book  |m 0102284